Několik úvah o tržní ekonomice.

Výsledky modernej ekonomicko-matematickej disciplíny - teórie ekonomického jadra. Teória jadra - jeden zo základných modelových nástrojov analýzy trhu a jeho rovnováhy. Základný systémový predpoklad efektívnosti trhovej ekonomiky: vysoká miera kompetitívnosti a nesegmentovanosti ekonomiky.

Salvato in:
Dettagli Bibliografici
Autore principale: Bureš, J.
Natura: Capitolo di libro
Lingua:ceco
Soggetti:
Tags: Aggiungi Tag
Nessun Tag, puoi essere il primo ad aggiungerne!!

MARC

LEADER 00000naa a2200000 4500
001 r001084
005 20220819180941.6
041 0 |a cze 
044 |a [CS] 
245 1 0 |a Několik úvah o tržní ekonomice.  |c J. Bureš 
520 |a Výsledky modernej ekonomicko-matematickej disciplíny - teórie ekonomického jadra. Teória jadra - jeden zo základných modelových nástrojov analýzy trhu a jeho rovnováhy. Základný systémový predpoklad efektívnosti trhovej ekonomiky: vysoká miera kompetitívnosti a nesegmentovanosti ekonomiky. 
610 2 0 |a hospodárstvo trhové 
610 2 0 |a efektívnosť ekonomická 
610 2 0 |a alokácia faktorov výrobných 
610 2 0 |a rovnováha trhová 
610 2 0 |a teórie ekonomické 
610 2 0 |a metódy ekonomicko-matematické 
100 1 |a Bureš, J.